Das Verhältnis der deutschen Grolsbanken zur Industrie mit besinderer Berücksichtigung der Eisenindustrie

Na minha lista:
Detalhes bibliográficos
Formato: Livro
Idioma:alemão
Publicado em: Leipzig Verlag von Duncker 1905
Tags: Adicionar Tag
Sem tags, seja o primeiro a adicionar uma tag!

MARC

LEADER 00000nam a2200000 4500
001 0302999
005 20240709081202.1
041 0 |a ger 
044 |a DE 
245 1 0 |a Das Verhältnis der deutschen Grolsbanken zur Industrie mit besinderer Berücksichtigung der Eisenindustrie  |c O. Jeidels 
264 1 |a Leipzig  |b Verlag von Duncker  |c 1905